El Instituto Nacional de Previsión, su obra (Record no. 100260)

MARC details
000 -LEADER
campo de control de longitud fija 00965nam a2200229 i 4500
001 - NÚMERO DE CONTROL
campo de control 100260
003 - IDENTIFICADOR DE NÚMERO DE CONTROL
campo de control ES-MaACL
005 - FECHA Y HORA DE LA ÚLTIMA TRANSACCIÓN
campo de control 20250809060206.0
007 - CAMPO FIJO DE DESCRIPCIÓN FÍSICA--INFORMACIÓN GENERAL
campo de control de longitud fija t|
008 - DATOS DE LONGITUD FIJA--INFORMACIÓN GENERAL
campo de control de longitud fija 050923s1925 sp |||| | spa d
100 1# - ENTRADA PRINCIPAL--NOMBRE DE PERSONA
Nombre de persona Marvá y Mayer, José.
9 (RLIN) 78576
245 13 - MENCIÓN DEL TÍTULO
Título El Instituto Nacional de Previsión, su obra
Resto del título ; Orientaciones presentes de los seguros sociales /
Mención de responsabilidad, etc. discurso preliminar del Exmo. Sr. D. José Marvá y Mayer ; conferencia de D. Luis Jordana de Pozas.
260 ## - PUBLICACIÓN, DISTRIBUCIÓN, ETC.
Lugar de publicación, distribución, etc. Madrid :
Nombre del editor, distribuidor, etc. [s.n.],
Fecha de publicación, distribución, etc. 1925 (
Fabricante Sobrinos de los Suc. de M. Minuesa)
300 ## - DESCRIPCIÓN FÍSICA
Extensión 40 p. ;
Dimensiones 22 cm.
530 ## - NOTA DISPONIBLE DE FORMULARIO FÍSICO ADICIONAL
Nota de formato físico adicional disponible Disponible en formato digital.
610 24 - PUNTO DE ACCESO ADICIONAL DE MATERIA--NOMBRE DE ENTIDAD CORPORATIVA
Nombre de entidad corporativa o nombre de jurisdicción como elemento de entrada Instituto Nacional de Previsión (España)
9 (RLIN) 5180
700 1# - ENTRADA AGREGADA--NOMBRE PERSONAL
Nombre de persona Jordana de Pozas, Luis,
Fechas asociadas al nombre 1890-1983
9 (RLIN) 66931
852 ## - LOCALIZACIÓN
Ubicación ES-MaACL
Número de control de estantería 1688-F-7
Ubicación en estantería Depósito folletos
Nota libre Revisado enlace: 05 de Abril de 2025
itemnumber 104011
856 ## - LOCALIZACIÓN Y ACCESO ELECTRÓNICOS
Identificador Uniforme de Recursos <a href="https://archive.org/details/BRes050316">https://archive.org/details/BRes050316</a>
Texto de enlace Internet Archive
942 ## - ELEMENTOS DE ENTRADA SECUNDARIOS (KOHA)
Fuente del sistema de clasificación o colocación Clasificación decimal universal
Holdings
Estatus retirado Estado de pérdida Estado de daño No para préstamo Colección Biblioteca de origen Biblioteca actual Ubicación en estantería Fecha de adquisición Fuente de adquisición Total de préstamos Signatura topográfica completa Código de barras Visto por última vez Precio de reemplazo Tipo de ítem Koha
        Colección de folletos Biblioteca del Ateneo de Madrid Biblioteca del Ateneo de Madrid Depósito folletos 17/01/2008     1688-F-7 1104687 23/02/2023 23/02/2023 Folleto